000 00313nam a2200121 a 4500
005 20141022142007.0
008 100913s19uu xx 00 eng d
050 _aCD-ROM
_bP34 2007
100 _aPasser, Michael
245 _aIn-Psych: to accompany Psychology.
260 _bPrentice Hall,
_c2007.
942 _cAVM
999 _c276566
_d276566